Georgien-Quiz - Sudden Death - Statistiken

Allgemein
  • Dieses Quiz wurde 110 mal gespielt
  • Das Durchschnittsergebnis liegt bei 4 aus 10
Answers on the Grid
Answers color-coded by a green-red scale on the quiz's grid according to % correct below.
Dies ist die Flagge Georgiens: 🇬🇪
Die georgische Hauptstadt ist Tiflis
Georgien ist kein Mitglied der Europäischen Union
Georgien grenzt an das Kaspische Meer
Georgien hat bereits den "normalen" ESC gewonnen
In Georgien leben mehr Männer als Frauen
Die Währung Georgiens ist der Lari
Georgien ist nicht in der NATO
Das georgische KFZ-Kennzeichen lautet "GE"
Georgien liegt am Mittelmeer
Die am weitesten verbreitete Glaubensrichtung ist der Islam
Georgien grenzt an ein Land mit dieser Flagge: 🇮🇷
Georgien hat mehr Einwohner als Moldau
In Georgien gibt es mindestens eine Stadt mit 1 Million Einwohnern
Das BIP pro Kopf in Georgien ist höher als das in Aserbaidschan
Flächenmäßig ist Georgien größer als Serbien
Georgien gehörte nie zur Sowjetunion
Das aktuelle Staatsoberhaupt von Georgien ist weiblich
Georgien liegt (teilweise) im Kaukasus-Gebirge
Die georgische Schrift wird mit kyrillischen Buchstaben geschrieben
 
Antwortstatistiken
Antwort % Korrekt
Dies ist die Flagge Georgiens: 🇬🇪
60%
Die georgische Hauptstadt ist Tiflis
57%
Georgien liegt (teilweise) im Kaukasus-Gebirge
49%
Georgien ist nicht in der NATO
43%
Georgien ist kein Mitglied der Europäischen Union
40%
Georgien hat mehr Einwohner als Moldau
34%
Die Währung Georgiens ist der Lari
31%
In Georgien gibt es mindestens eine Stadt mit 1 Million Einwohnern
31%
Das georgische KFZ-Kennzeichen lautet "GE"
20%
Das BIP pro Kopf in Georgien ist höher als das in Aserbaidschan
14%
Keine übereinstimmenden Quizze gefunden
Verteilung der Resultate
Anzahl Personen mit jedem Resultat
Perzentil nach korrekt beantworteten Fragen
Ihre Resultats-Entwicklung
Sie haben dieses Quiz noch nicht gespielt